000
00221nam a22000977a 4500
003
OSt
008
210116b ||||| |||| 00| 0 eng d
100
_a
Mohammed, K T
_9
4761
245
_a
Uranghan vykiya rathrikal
942
_c
BK
999
_c
16625
_d
16625